000 00482nam a22001817a 4500
005 20210423062740.0
008 210219b1964 ||||| |||| 00| 0 eng d
040 _cDLC
041 _aeng
080 _a92
_bW-62
100 _9985
_aWhalen.Richard J
245 _aThe founding father /
_bthe story of joseph p.kennedy
260 _aNew York
_ban n.a.l-world book
_c1964
300 _a174 p.:
650 0 _9237
_aBiography
653 _aბიოგრაფია
942 _2udc
_cBK
999 _c1555
_d1555